| LEADER 00000nama 2200000uu 4500 |
| 001 197140 |
| 003 ULIBM |
| 008 040531s|||| th m m a000 0 tha d |
| 020 974-94702-9-x |
| 041 tha |
| 050 HC445.Z9E44 ศ854 |
| 100 ลีลาภรณ์ บัวสาย. |
| 245 เศรษฐกิจพอเพียง : ร่วมเรียนรู้ สานข่าย ขยายผล. |
| 260 กรุงเทพฯ. สำนักงานกองทุนสนับสนุนการวิจัย. 2549. |
| 300 317หน้า. |
| 500 เอกสารประกอบการประชุมวิชาการและนิทรรศการ ระหว่างวันที่ 23-27 พฤศจิกายน 2549 ณ. สำนักพิพิธภัณฑ์และวัฒนธรรมการเกษตร มหาวิทยาลัยเกษตรศาสตร์ บางเขน กรุงเทพฯ. |
| 600 1.ลีลาภรณ์ บัวสาย,บรรณาธิการ 2.สำนักงานกองทุนสนับสนุนการวิจัย. |
| 650 1.การพัฒนาชุมชน--แง่เศรษฐกิจ--ไทย--รวมเรื่อง--การประชุม 2.เศรษฐกิจพอเพียง--ไทย--รวมเรื่อง--การประชุม. |
| 995 001 |